Представление документа в формате RUSMARC

ПолеНазваниеЗначение
  Тип записи a
  Библиографический уровень m
001 Контрольный номер RU/REG73/CBS_GRAD/cb836c1bc2d34fd0b13baf843652abfd
005 Дата корректировки 20230725112907.0
010 Индекс ISBN __
a ISBN 978-5-17-138890-4
101 Язык документа 0_
a Язык текста rus
200 Заглавие и сведения об ответственности 1_
a Заглавие Русские народные сказки
f Первые сведения об ответственности в обработке Л. Н. Елисеевой, А. Н. Толстого, К. Д. Ушинского, А. Н. Афанасьева ; художники С. Бордюг, Н. А. Трепенок, А. М. Савченко
b Общее обозначение материала Текст
203 Вид содержания и тип средства __
a Вид содержания Текст (визуальный) : непосредственный
210 Выходные данные 1_
a Место издания Москва
c Издательство АСТ
d Дата издания 2022
215 Физическое описание __
a Объем 64 с.
c Иллюстрации/тип воспроизводства ил.
225 Серия 2_
a Серия Библиотека начальной школы
333 Примечание о целевом назначении __
a Примечание о целевом назначении 0+
686 Индексы других классификаций __
a Классификационный индекс 84(2 Рос=Рус)
801 Источник записи _0
a Страна RU
b Организация RuCBSGrad
g Правила каталогизации PSBO
801 Источник записи _1
a Страна RU
b Организация RuCBSGrad
g Правила каталогизации PSBO
852 Данные о местонахождении __
i Авторский знак Р 89
901 Тип документа __
t Тип документа m
981 __
b i
2 isbdcontent
g e
982 __
b n
2 isbdmedia